00500nam a22001452 4500001001100000005001700011008004100028020001700069040001500086100003500101245013700136260003200273300001600305650003300321000002545920151217154546.0150924s xx 000 0 eng d a0415180813 : aKABUcKABU1 aNissanke, Machiko.@000018610810aFinancial Integration and Development :bLiberalization and reform in sub-saharan Africa /cby Machiko Nissanke and Ernest Aryeetey. aLondon :bRoutledge,c1998. a xiv, 330p. 0aFinance--Africa.@0000186109